|
|
|
|
| LEADER |
00000nab a2200000 a 4500 |
| 001 |
vtls000765264 |
| 003 |
SK-MaSNL |
| 005 |
20260303214822.0 |
| 008 |
160324c2001 xo 0 cze |
| 015 |
|
|
|a SNBRB2001/08-23473
|
| 035 |
|
|
|a CLN000117051
|
| 040 |
|
|
|a SNKBUCL
|b slo
|c SNKBUCL
|e AACR2
|
| 041 |
0 |
|
|a cze
|
| 044 |
|
|
|a xo
|c SK
|
| 080 |
|
|
|a 504.06(437.6+437.1/.2)
|2 1997
|
| 100 |
1 |
|
|a Tichák, Tomáš
|4 ain
|9 868451
|
| 245 |
1 |
0 |
|a Udržitelný rozvoj vyžaduje myslet v souvislostech
|c Tomáš Tichák, Pavel Nováček, Peter Mederly
|
| 650 |
0 |
7 |
|a prostredie životné
|x rozvoj trvalo udržateľný
|z Slovensko
|z Česko
|2 snkbucl
|9 1250240
|
| 650 |
0 |
7 |
|a trvalo udržateľný rozvoj
|2 snkbucl
|9 3353
|
| 655 |
|
7 |
|a články z novín a časopisov
|2 snkbucl
|9 267496
|
| 700 |
1 |
|
|a Nováček, Pavel
|4 aut
|4 uin
|9 376351
|
| 700 |
1 |
|
|a Mederly, Peter,
|d 1948-
|4 aut
|4 uin
|9 200795
|
| 773 |
0 |
|
|t Mosty
|g Roč. 10, č. 15 (2001), s. 1-2
|
| 850 |
|
|
|a Slovenská národná knižnica v Martine
|
| 852 |
|
|
|a SNK
|b KIS3GCP
|
| 958 |
|
|
|a CZ
|
| 958 |
|
|
|a SK
|
| 958 |
|
|
|a RBX
|
| 999 |
|
|
|c 2218900
|d 2220830
|